[Event "MPA 2100 2024"]
[Site "Sianozety"]
[Date "2024.04.12"]
[Round "9.4"]
[White "Motyl, Tomasz"]
[Black "Trybus, Dominika"]
[Result "1/2-1/2"]
[BlackElo "1867"]
[WhiteElo "1891"]
[LiveChessVersion "1.4.4"]

1. d4 {[%clk 1:30:30]} Nf6 {[%clk 1:30:10]} 2. Nc3 {[%clk 1:30:53]} d5
{[%clk 1:29:14]} 3. Bf4 {[%clk 1:30:57]} e6 {[%clk 1:28:49]} 4. Nb5
{[%clk 1:19:40]} Na6 {[%clk 1:27:55]} 5. a3 {[%clk 1:17:19]} c6 {[%clk 1:25:54]}
6. Nc3 {[%clk 1:17:38]} Qb6 {[%clk 1:21:38]} 7. b4 {[%clk 0:55:58]} Qd8
{[%clk 1:17:17]} 8. Nf3 {[%clk 0:51:18]} Be7 {[%clk 1:14:12]} 9. Na4
{[%clk 0:43:44]} Ne4 {[%clk 1:11:27]} 10. Nd2 {[%clk 0:37:47]} b5
{[%clk 1:04:43]} 11. Nxe4 {[%clk 0:36:42]} dxe4 {[%clk 1:04:58]} 12. Nc5
{[%clk 0:33:15]} Nxc5 {[%clk 1:00:44]} 13. bxc5 {[%clk 0:33:42]} h5
{[%clk 0:54:27]} 14. h3 {[%clk 0:33:47]} Qd5 {[%clk 0:51:31]} 15. e3
{[%clk 0:32:56]} a5 {[%clk 0:48:01]} 16. c4 {[%clk 0:29:40]} bxc4
{[%clk 0:46:49]} 17. Qc2 {[%clk 0:25:24]} Ba6 {[%clk 0:46:25]} 18. Rc1
{[%clk 0:25:28]} g5 {[%clk 0:45:10]} 19. Bg3 {[%clk 0:23:05]} Bd8
{[%clk 0:42:04]} 20. Bxc4 {[%clk 0:22:57]} Bxc4 {[%clk 0:42:26]} 21. Qxc4
{[%clk 0:23:23]} Qxc4 {[%clk 0:42:49]} 22. Rxc4 {[%clk 0:23:47]} Kd7
{[%clk 0:43:07]} 23. Kd2 {[%clk 0:22:58]} Bc7 {[%clk 0:41:51]} 24. Bxc7
{[%clk 0:22:01]} Kxc7 {[%clk 0:42:16]} 25. Rb1 {[%clk 0:19:39]} Rhb8
{[%clk 0:42:31]} 26. Rcc1 {[%clk 0:17:09]} Rxb1 {[%clk 0:41:56]} 27. Rxb1
{[%clk 0:17:38]} Rb8 {[%clk 0:42:09]} 28. Rxb8 {[%clk 0:17:14]} Kxb8
{[%clk 0:42:34]} 29. g3 {[%clk 0:12:16]} g4 {[%clk 0:36:45]} 30. hxg4
{[%clk 0:11:37]} hxg4 {[%clk 0:37:09]} 31. Kc3 {[%clk 0:11:29]} Kb7
{[%clk 0:37:24]} 32. Kb3 {[%clk 0:11:16]} Ka6 {[%clk 0:37:42]} 33. Kc4
{[%clk 0:10:55]} f6 {[%clk 0:36:49]} 34. Kb3 {[%clk 0:09:54]} Kb5
{[%clk 0:37:02]} 35. a4+ {[%clk 0:10:20]} Ka6 {[%clk 0:37:05]} 36. Kc4
{[%clk 0:10:34]} Kb7 {[%clk 0:37:07]} 37. Kc3 {[%clk 0:10:27]} Kc7
{[%clk 0:36:33]} 38. Kb3 {[%clk 0:10:35]} Kd7 {[%clk 0:35:03]} 39. Kc3
{[%clk 0:10:33]} e5 {[%clk 0:21:03]} 40. dxe5 {[%clk 0:05:57]} fxe5
{[%clk 0:21:26]} 41. Kb3 {[%clk 0:05:58]} Ke7 {[%clk 0:21:17]} 42. Kc3
{[%clk 0:06:18]} Kf7 {[%clk 0:21:17]} 43. Kb3 1/2-1/2